Economy. (Record no. 66109)
[ view plain ]
| 000 -LEADER | |
|---|---|
| fixed length control field | 00692cam9a220021700 4500 |
| 001 - CONTROL NUMBER | |
| control field | tmp15280046 |
| 003 - CONTROL NUMBER IDENTIFIER | |
| control field | UPRA |
| 005 - DATE AND TIME OF LATEST TRANSACTION | |
| control field | 20190815103741.0 |
| 008 - FIXED-LENGTH DATA ELEMENTS--GENERAL INFORMATION | |
| fixed length control field | 950727s1973 is eng u |
| 035 ## - SYSTEM CONTROL NUMBER | |
| System control number | (Sirsi) r76882 |
| 035 ## - SYSTEM CONTROL NUMBER | |
| System control number | (UPRA)tmp15280046 |
| 040 ## - CATALOGING SOURCE | |
| Transcribing agency | UPRA |
| 245 00 - TITLE STATEMENT | |
| Title | Economy. |
| 260 ## - PUBLICATION, DISTRIBUTION, ETC. | |
| Place of publication, distribution, etc. | [Jerusalem] : |
| Name of publisher, distributor, etc. | Keter Books, |
| Date of publication, distribution, etc. | [1973] |
| 440 #0 - SERIES STATEMENT/ADDED ENTRY--TITLE | |
| Title | Israel pocket library |
| Linkage | S5994.1 |
| 500 ## - GENERAL NOTE | |
| General note | Compiled from material originally published in the Encyclopaedia Judaica. |
| 504 ## - BIBLIOGRAPHY, ETC. NOTE | |
| Bibliography, etc. note | Bibliography: p. 295-297. |
| 651 #0 - SUBJECT ADDED ENTRY--GEOGRAPHIC NAME | |
| Geographic name | Israel -- Economic conditions. |
| General subdivision | Israel -- Economic conditions. |
| Linkage | S29037.1 |
| 949 ## - LOCAL PROCESSING INFORMATION (OCLC) | |
| a | HC497 |
| w | lcc |
| i | 33729005196451 |
| m | MAIN |
| t | BOOK |
| l | ON-SHELF |
No items available.